Percy Jackson characters Quiz - Statistics

General Stats
  • This quiz has been taken 77 times
  • The average score is 19 of 20
Answer Stats
Hint Answer % Correct
Main Characters Girlfriend Annabeth Chase
100%
Camp Half-Blood Leader Chiron
100%
Main Characters Satyr Friend Grover Underwood
100%
Son Of Hades Nico Di Angelo
100%
Main Character Percy Jackson
100%
Nico's Sister Bianca Di Angelo
99%
Evil Titan Kronos
99%
Daughter Of Zeus Thalia Grace
99%
Percy's Dad(God) Poseidon
96%
Percy's Mom Sally Jackson
96%
Percy's Cyclops Half-Brother Tyson
96%
Thalia's Dad Zeus
96%
Grover's Girlfriend Juniper
93%
Percy's Second Dad (Human) Paul Blofis
93%
Evil Son Of Hermes Luke Castellan
91%
Zoe's Dad Atlas
90%
Atlas's Daughter Zoe Nightshade
90%
Percy's First Dad (Human) Gabe Ugliano
89%
Luke's Mom May Castellan
83%
Titan Destroying Posiedon's Castle Oceanus
54%
No matching quizzes found
Score Distribution
Percent of People with Each Score
Percentile by Number Answered
Your Score History
You have not taken this quiz